| 000 | 00827nam a22002057a 4500 | ||
|---|---|---|---|
| 999 |
_c11429 _d11429 |
||
| 003 | AR-CdUCM | ||
| 008 | 190404b ||||| |||| 00| 0 spa d | ||
| 040 |
_aMUNICIPALIDAD PROVINCIAL DEL CUSCO _cBIBLIOTECA MUNICIPAL DEL CUSCO |
||
| 082 |
_a344.7 / _bC73 / 1946 |
||
| 110 |
_aMinisterio de guerra _928783 |
||
| 245 | _aCodigo de justicia militar / | ||
| 260 |
_aLima : _bImp. y Lib. del Ministerio de guerra, _c1946. |
||
| 300 |
_a183 VII paginas ; _c20 cm. |
||
| 505 | _aContenido : Quienes ejercen jurisdicción -- Competencia de la justicia militar -- Jurisdicción en tiempo de paz -- De los jueces instructores -- De los consejos de guerra... | ||
| 650 |
_aConsejos de guerra _928784 |
||
| 650 |
_aTiempo de guerra _928785 |
||
| 650 |
_aTribunales de justicia militar _928786 |
||
| 942 |
_2ddc _cLIBROS |
||
| 945 | _awnts | ||